Σεφαραδίτικα τραγούδια

Αποθηκεύτηκε σε:
Λεπτομέρειες βιβλιογραφικής εγγραφής
Κύριος συγγραφέας: Κοκόλης, Ξενοφών Α., 1939-2012
Μορφή: Βιβλίο
Γλώσσα:Greek
Δημοσίευση: Αθήνα : Μορφωτικό Ίδρυμα Εθνικής Τραπέζης, 2014
Θέματα:
Ετικέτες: Προσθήκη ετικέτας
Δεν υπάρχουν, Καταχωρήστε ετικέτα πρώτοι!

MARC

LEADER 00000cam a2200000 i 4500
001 1/61964
008 141216s2014 gre d
020 |a 978-960-250-597-7 
035 |l 10120146 
040 |a GR-MY-UA  |b gre  |e aacr 
041 0 |a gre 
082 0 |a 782.4216  |2 (23) 
100 1 |a Κοκόλης, Ξενοφών Α.,   |d 1939-2012. 
245 1 0 |a Σεφαραδίτικα τραγούδια /  |c επιλογή-μετάφραση-σχόλια: Ξενοφών Κοκόλης 
260 |a Αθήνα :   |b Μορφωτικό Ίδρυμα Εθνικής Τραπέζης,   |c 2014 
300 |a 33 σ.;  |c 25 σ. 
650 0 0 |a Folk songs. 
650 0 0 |a Folk poetry  |x History and criticism. 
852 |a INST  |b RHODES  |e 20141216  |h 782.4216 ΚΟΚ  |p 005400037324  |q 005400037324  |t BK  |y 0 
901 |a BIBL4-2014-3 
909 |a Ρ  |b 183643 
922 |a 4ΕΛΗ 
970 |z 2014/12/16